Qui sont ces cyclocrossman / cyclocrosswomen ? - Statistiques

Statistiques générales
  • Ce quiz a été pris 79 fois
  • Le résultat moyen est 11 sur 20
Statistiques - réponses
Par images Réponse % Correct
Mathieu Van Der Poel
100%
Wout Van Aert
97%
Tom Pidcock
91%
Eli Iserbyt
78%
Michael Vanthourenhout
68%
Ceylin del Carmen Alvarado
57%
Lars Van Der Haar
57%
Puck Pieterse
54%
Laurens Sweeck
52%
Fem Van Empel
51%
Joris Nieuwenhuis
51%
Lucinda Brand
48%
Niels Vandeputte
45%
Pim Ronhaar
41%
Marie Schreiber
36%
Sara Casasola
32%
Inge van der Heijden
28%
Manon Bakker
26%
Zoe Backstedt
26%
Leonie Bentveld
22%
Aucun quiz correspondant
Distribution des résultats
% des personnes avec chaque résultat
Percentile par nombre de réponses
Votre historique - résultats
Vous n’avez pas pris ce quiz